|
|
|
|
| LEADER |
00000nam2a2200000 4500 |
| 001 |
223883 |
| 005 |
20231101230544.0 |
| 035 |
|
|
|a (RuTPU)RU\TPU\book\244153
|
| 035 |
|
|
|a RU\TPU\book\244115
|
| 090 |
|
|
|a 223883
|
| 100 |
|
|
|a 20121017d1988 k y0rusy50 ca
|
| 101 |
0 |
|
|a rus
|
| 102 |
|
|
|a RU
|
| 105 |
|
|
|a a z 001zy
|
| 200 |
0 |
|
|a Вып. 88: Взрывные и нестационарные процессы в сплошных средах
|f гл. ред. В. Н. Монахов
|
| 210 |
|
|
|d 1988
|
| 215 |
|
|
|a 155 с.
|c ил.
|
| 320 |
|
|
|a Библиогр. в конце ст.
|
| 461 |
|
1 |
|0 (RuTPU)RU\TPU\book\209749
|t Динамика сплошной среды
|o сборник научных трудов
|f Академия наук СССР (АН СССР), Сибирское отделение (СО), Институт гидродинамики им. М. А. Лаврентьева (ИГиЛ)
|v Вып. 88: Взрывные и нестационарные процессы в сплошных средах
|d 1969-
|
| 606 |
1 |
|
|a Динамика сплошных сред
|2 stltpush
|3 (RuTPU)RU\TPU\subj\9514
|9 36744
|
| 610 |
1 |
|
|a нестационарные процессы
|
| 610 |
1 |
|
|a дифференциальные уравнения
|
| 610 |
1 |
|
|a газы
|
| 610 |
1 |
|
|a жидкости
|
| 610 |
1 |
|
|a движение
|
| 610 |
1 |
|
|a инициирование
|
| 610 |
1 |
|
|a детонационные волны
|
| 610 |
1 |
|
|a распространение
|
| 610 |
1 |
|
|a магнитная газовая динамика
|
| 675 |
|
|
|a 531/534
|v 3
|
| 702 |
|
1 |
|a Монахов
|b В. Н.
|4 651
|
| 801 |
|
1 |
|a RU
|b 63413507
|c 20120128
|
| 801 |
|
2 |
|a RU
|b 63413507
|c 20151221
|g RCR
|
| 942 |
|
|
|c BK
|